MARC

LEADER 00000nam0a2200000 4500
001 276772
005 20231101234943.0
035 |a (RuTPU)RU\TPU\book\300045 
090 |a 276772 
100 |a 20141126d1985 k y0rusy50 ca 
101 0 |a rus 
102 |a KZ 
105 |a a z 001zy 
200 1 |a Проветривание камерообразных выработок: теоретические основы  |f И. Г. Гуршев  |g Академия наук Казахской ССР (АН КазССР), Институт горного дела (ИГД) 
210 |a Алма-Ата  |c Наука  |d 1985 
215 |a 76 с.  |c ил. 
320 |a Библиогр.: с. 74-75 
606 1 |a Горные выработки подземные  |x Проветривание  |2 stltpush  |3 (RuTPU)RU\TPU\subj\7801  |9 35343 
610 1 |a уравнение 
610 1 |a решение 
610 1 |a камерообразные выработки 
610 1 |a начальные условия 
610 1 |a применение 
610 1 |a частные задачи 
675 |a 622.45  |v 4 
700 1 |a Гуршев  |b И. Г.  |g Игорь Глебович 
712 0 2 |a Академия наук Казахской ССР (АН КазССР)  |b Институт горного дела (ИГД)  |c (Алма-Ата)  |2 stltpush  |3 (RuTPU)RU\TPU\col\19178 
801 1 |a RU  |b 63413507  |c 20141126 
801 2 |a RU  |b 63413507  |c 20171218  |g RCR 
942 |c BK